000 00614nam a2200217Ia 4500
005 20250508164535.0
008 008 250505s9999 xx 000 0 hin d
037 _aTextBook
040 _aFEDL
_beng
_cFEDL
041 _ahin
_2eng
084 _a370.1, KRI/R
_qFEDL
100 _aVishwakarma Mahadev Ram
_9778390
245 0 _aJ. Krishnamurti ka shiksha darshan
260 _aGhaziabad, India
_bPragya awam Divya Prakashan
_c1996
300 _a207p.
365 _aINR
_b120
546 _aMACESE
650 _aEducational philosophy
942 _cTB
_h370.1, KRI/R
999 _c1389684
_d1389684